Niektoré úskalia špeciálnej alimentácie vo všeobecnej chirurgickej praxi

Bibliographic Details
Main Author: Džupa, Karol, 1952- (Author)
Format: Article
Language:Slovak
PhysicalDescription:Tb. 3. Graf. 4. Res. rus., angl., lit. 17 zázn. v slov., češ., angl., ruš., nem.
Subjects:

MARC

LEADER 00000nab a2200000 a 4500
001 vtls000214633
003 SK-MaSNL
005 20260304010744.0
008 220422c1985 xo 0 slo
015 |a SNBRB19rr/mm-uuuuu 
035 |a CL0224747 
040 |a SNKBUCL  |b slo  |c SNKBUCL  |e AACR2 
041 0 |a slo 
044 |a xo  |c SK 
080 |a 616-089:615.384  |2 1981 
080 |a 615.384  |2 1981 
100 1 |a Džupa, Karol,  |d 1952-  |4 aut  |9 248868 
245 1 0 |a Niektoré úskalia špeciálnej alimentácie vo všeobecnej chirurgickej praxi  |c K. Džupa 
300 |b Tb. 3. Graf. 4. Res. rus., angl., lit. 17 zázn. v slov., češ., angl., ruš., nem. 
650 0 7 |a chirurgia všeobecná  |2 snkbucl  |9 990564 
650 0 7 |a alimentácia špeciálna  |2 snkbucl  |9 1288842 
655 7 |a články z novín a časopisov  |2 snkbucl  |9 267496 
773 0 |t Československá gastroenterologie a výživa  |g Roč. 39, č. 3 (1985), s. 174-180 
850 |a Slovenská národná knižnica v Martine  |a MTA001 
852 |a SNK  |b KIS3GCP 
958 |a NB 
958 |a RK 
958 |a ME 
992 |a RBX 
999 |c 2562829  |d 2564759